000 01329nam a2200337 i 4500
003 DO-SdBNP
005 20250227073855.0
006 a||||gr|||| 00| 0
007 ta
008 231115t2001 dr ao||| |||| 00| 0 spa d
020 _a99934343017X
040 _aDO-SdBNP
_bspa
_cBNPHU
_erda
082 4 _222
_bO13p
245 0 0 _aObras premiadas :
_bquinto concurso de arte y literatura Bancentral 1999. /
_cedición al cuidado de José Alcántara Almánzar y Lourdes Lara
264 4 _aSanto Domingo :
_bBanco Central de la República Dominicana,
_c2001
300 _a112 páginas :
_bIlustraciones, fotografías ;
_c23 cm.
336 _2rdacontent
_atexto
_btxt
337 _2rdamedia
_asin mediación
_bn
338 _2rdacarrier
_avolumen
_bnc
490 _aBanco Central de la República Dominicana.
590 _aInventariado 2023 / MF
650 4 _aCuentos dominicanos
_ySiglo XXI
_943522
650 4 _aCertámenes literarios
_ySiglo XXI
_943523
650 0 _aLiteratura dominicana
_ySiglo XXI
_943524
650 4 _aPremios literarios
_ySiglo XXI
_943525
650 4 _aArte y literatura
_ySiglo XXI
_975187
700 1 _aAlcántara Almánzar, José
_d1946-
_eeditor
_97018
700 1 _aLara, Lourdes
_922948
_eeditor
710 2 _aBanco Central de la República Dominicana.
_bDepartamento Cultural
_97006
942 _2ddc
_cLBS1
999 _c55502
_d55502